000 00702nam a2200289Ia 4500
005 20260324140243.0
008 008 260324s9999 xx 000 0 eng d
020 _a9781315880853
037 _aEBOOK
040 _aCRL
040 _beng
040 _cCRL
041 _2eng
041 _aeng
084 _qCRL
100 _aDavid Stern
_91203697
245 0 _aDigital Libraries
245 0 _bPhilosophies, Technical Design Considerations, and Example Scenarios
260 _bTaylor and Francis
260 _c1999
365 _a
365 _b145
856 _uhttp://www.taylorfrancis.com/books/9781315880853
942 _cEBOOK
999 _c1805592
_d1805592